000
00233 a2200109 4500
020
_a
9788195231966
100
_a
Jacob Abraham
245
_a
Kumari(കുമരി)
250
_a
2nd
260
_b
Manorama books
_c
2024
942
_c
OO
999
_c
116140
_d
116139